LDR 01185naa#a2200229#i#450# 001 EN\\bibl\121262 005 20260502035022.6 011 ## _a1994-4683 100 ## _a20230803b2023####ek#y0engy0150####ca 102 ## _aRU 200 1# _aADJUSTMENT OF TRAINING PROGRAMS ON ADAPTIVE PHYSICAL CULTURE OF STUDENTS WITH DISABILITIES _eJournal article 210 1# _aMoscow _cNational State University of Physical Education, Sports and Health named after P.F. Lesgaft _d2023 215 ## _a4 с. 608 ## _aJournal article _2local 675 ## _aВиды занятий спортом Биографии отдельных спортсменов обозначать с помощью :929А/Я Дальнейшее подразделение с помощью общ. опр. лиц -05 Выполнение спортивных функций отдельными спортсменами,спортивными кадрами обозначать присоединением к основному индексу спец.опр. .065.2 и .065.4, например,. 796.07 _z 700 #1 _a _g 700 #1 _a _g 700 #1 _a _g 700 #1 _a _g 700 #1 _a _g 700 #1 _a _g 856 4# _auchzapiski.lesgaft.spb.ru _u